Open Data Biblioteca Nacional de Portugal


República Portuguesa: Ministério da Cultura
Biblioteca Nacional de Portugal

Catálogo da BNP: acesso por Identificadores Unívocos
Registos Bibliográficos associados ao registo de autoridade

Etiqueta de registo: 00868cas 02200265 04500
001 113186
003 http://id.bnportugal.gov.pt/bib/catbnp/113186
005 19981120165000.0
095 ## $aPTBN00118219
100 ## $a19810801a19819999km y0pora0103 ba
101 0# $apor
102 ## $aPT
200 1# $aReumatologia multidisciplinar$fpropr. Núcleo Universitário de Reumatologia do Hospital de S. Joäo$gdir. A. Lopes Vaz
207 #0 $aNº 1 (1º Quadrimestre 1981)-
210 #9 $aLisboa$cOuroboros Editores,$d1981-
215 ## $d28 cm
326 ## $aQuadrimestral
606 ## $aReumatologia$2BN-P$322586
675 ## $a616.72-002.7(05)$vmed$zpor$3329979
702 #1 $aVaz,$bA. Lopes,$f1932-$4300$352108
712 02 $aHospital de S. Joäo.$bNúcleo Universitário de Reumatologia$4650$3204733
801 #0 $aPT$bBN$gRPC
966 ## $lBN$mFGREV$sP.P. 15957 V.
998 ## $aFSE85 - 00248

Etiqueta de registo: 00000nkm 2200025 450
001 2275949
003 http://id.bnportugal.gov.pt/bib/catbnp/2275949
100 ## $a20260304f1975 m y0pory01030103ba
101 0# $apor
102 ## $aPT
200 1# $aConferência sobre Reumatismos de Origem Intestinal, pelo Prof. Dr. J. Villiaumey, Salão Nobre da Faculdade de Medicina do Porto, Hospital de S. João, Dia 12 de abril$bVisual gráfico]$fSecção de Reumatologia do Hospital de S. João do Porto
210 #9 $aPorto$cSecção de Reumatologia do Hospital de S. João do Porto,$d[1975?]
215 ## $a1 cartaz$ccolor.$d61x38 cm
306 ## $aDatação atribuída em conformidade com o evento anunciado
307 ## $aNo verso consta uma inscrição que identifica o Partido Comunista (marxista-leninista) Português
317 ## $aColeção Madeira Luís
710 02 $aHospital de S. Joäo.$bNúcleo Universitário de Reumatologia$3204733
801 #0 $aPT$bBN$gRPC
966 ## $lBN$mICONOG$sCT. 23213 A.$x3
971 ## $cCaticonografia1$d20260304
995 ## $aPRR2026

OpendataBNP@bnportugal.pt | Mais informação sobre acesso aos dados BNP